A history of Egypt : (Record no. 17699)

MARC details
000 -LEADER
fixed length control field 01704cam a2200397 i 4500
001 - CONTROL NUMBER
control field 14942209
003 - CONTROL NUMBER IDENTIFIER
control field EG-ScBUE
005 - DATE AND TIME OF LATEST TRANSACTION
control field 20240609121634.0
008 - FIXED-LENGTH DATA ELEMENTS--GENERAL INFORMATION
fixed length control field 070726r20102007nyub f b 001 0 eng d
020 ## - INTERNATIONAL STANDARD BOOK NUMBER
International Standard Book Number 0521700760 (pbk.)
020 ## - INTERNATIONAL STANDARD BOOK NUMBER
International Standard Book Number 9780521700764 (pbk.)
035 ## - SYSTEM CONTROL NUMBER
System control number (OCoLC)ocm77796026
040 ## - CATALOGING SOURCE
Original cataloging agency EG-ScBUE
Language of cataloging eng
Transcribing agency EG-ScBUE
Modifying agency EG-ScBUE
Description conventions rda
043 ## - GEOGRAPHIC AREA CODE
Geographic area code f-ua---
082 04 - DEWEY DECIMAL CLASSIFICATION NUMBER
Classification number 962
Edition number 22
Item number MAR
100 1# - MAIN ENTRY--PERSONAL NAME
Personal name Sayyid-Marsot, Afaf Lutfi,
9 (RLIN) 34271
Relator term author.
245 12 - TITLE STATEMENT
Title A history of Egypt :
Remainder of title from the Arab conquest to the present /
Statement of responsibility, etc Afaf Lutfi Al-Sayyid Marsot, professor of near and Middle East history, University of California at Los Angeles.
250 ## - EDITION STATEMENT
Edition statement Second edition.
264 ## - PUBLICATION, DISTRIBUTION, ETC. (IMPRINT)
Place of publication, distribution, etc Cambridge :
Name of publisher, distributor, etc Cambridge University Press,
Date of publication, distribution, etc 2010.
300 ## - PHYSICAL DESCRIPTION
Extent xii, 184 pages :
Other physical details maps ;
Dimensions 23 cm
336 ## - CONTENT TYPE
Source rdacontent
Content type term text
Content type code txt
337 ## - MEDIA TYPE
Media type term unmediated
Source rdamedia
Media type code n
338 ## - CARRIER TYPE
Carrier type term volume
Carrier type code nc
Source rdacarrier
504 ## - BIBLIOGRAPHY, ETC. NOTE
Bibliography, etc Includes bibliographical references and index.
651 #7 - SUBJECT ADDED ENTRY--GEOGRAPHIC NAME
Geographic name Egypt
General subdivision History
Chronological subdivision 640-1882.
9 (RLIN) 34272
Source of heading or term BUEsh
651 #7 - SUBJECT ADDED ENTRY--GEOGRAPHIC NAME
Geographic name Egypt
General subdivision History
Chronological subdivision 1798-
9 (RLIN) 33800
Source of heading or term BUEsh
651 #7 - SUBJECT ADDED ENTRY--GEOGRAPHIC NAME
Geographic name Egypt
General subdivision Civilization.
9 (RLIN) 34273
Source of heading or term BUEsh
651 #7 - SUBJECT ADDED ENTRY--GEOGRAPHIC NAME
Geographic name Egypt
General subdivision Politics and government.
9 (RLIN) 34274
Source of heading or term BUEsh
653 ## - INDEX TERM--UNCONTROLLED
Arrived date list October2013
655 ## - INDEX TERM--GENRE/FORM
Form subdivision Reading book
856 41 - ELECTRONIC LOCATION AND ACCESS
Materials specified Table of contents only
Uniform Resource Identifier <a href="http://www.loc.gov/catdir/enhancements/fy0729/2007277822-t.html">http://www.loc.gov/catdir/enhancements/fy0729/2007277822-t.html</a>
856 42 - ELECTRONIC LOCATION AND ACCESS
Materials specified Contributor biographical information
Uniform Resource Identifier <a href="http://www.loc.gov/catdir/enhancements/fy0729/2007277822-b.html">http://www.loc.gov/catdir/enhancements/fy0729/2007277822-b.html</a>
856 42 - ELECTRONIC LOCATION AND ACCESS
Materials specified Publisher description
Uniform Resource Identifier <a href="http://www.loc.gov/catdir/enhancements/fy0729/2007277822-d.html">http://www.loc.gov/catdir/enhancements/fy0729/2007277822-d.html</a>
942 ## - ADDED ENTRY ELEMENTS (KOHA)
Source of classification or shelving scheme Dewey Decimal Classification
Koha item type Book - Borrowing
Holdings
Withdrawn status Lost status Source of classification or shelving scheme Damaged status Not for loan Collection code Home library Current library Shelving location Date acquired Source of acquisition Total Checkouts Total Renewals Full call number Barcode Date last seen Date checked out Price effective from Koha item type
    Dewey Decimal Classification     Baccah Central Library Central Library Second Floor 28/10/2013 Purchase 11 36 962 MAR 000029561 15/07/2025 15/03/2023 28/10/2013 Book - Borrowing
    Dewey Decimal Classification     Baccah Central Library Central Library Second Floor 28/10/2013 Purchase 8 58 962 MAR 000029562 15/07/2025 15/12/2020 28/10/2013 Book - Borrowing